Missing Word: Born in 1962 Quiz Stats

 Plays Quiz Updated Jul 14, 2017

Support Sporcle.
Go Orange.
Score 0/20 Timer 03:00
1 Play Today
Hint Word % Correct
Jon Bon ________Jovi
98.5%
________ CruiseTom
98%
________ CarreyJim
95.2%
MC ________Hammer
94.4%
Demi ________Moore
93.5%
________ AbdulPaula
92.7%
Sheryl ________Crow
91.9%
Jodie ________Foster
91.1%
Axl ________Rose
87.7%
________ CarellSteve
87.1%
Hint Word % Correct
________ BroderickMatthew
86.2%
Jon ________Stewart
57.4%
________ EwingPatrick
57.3%
________ ClemensRoger
57%
________ RiceJerry
53.3%
William ________Perry
46.1%
Bobcat ________Goldthwait
27%
________ MarstersJames
22.3%
________ PalahniukChuck
21.8%
David ________Fincher
16.7%

Today's Daily Dose

You're not logged in!

Compare scores with friends on all Sporcle quizzes.
OR
Log In
Forgot?

From the Vault

Bad Dad Jokes!

by finetuner

Dad Jokes. They're nothing to laugh about.
Remove Ads.
Support Sporcle.
Get the best of Sporcle when you Go Orange. This ad-free experience offers more features, more stats, and more fun while also helping to support Sporcle. Thank you for becoming a member.

Show Comments

Extras

Top Quizzes Today


Score Distribution

Your Account Isn't Verified!

In order to create a playlist on Sporcle, you need to verify the email address you used during registration. Go to your Sporcle Settings to finish the process.

Report this User

Report this user for behavior that violates our Community Guidelines.

Details: